<?xml version="1.0" encoding="UTF-8"?>
<record
    xmlns:xsi="http://www.w3.org/2001/XMLSchema-instance"
    xsi:schemaLocation="http://www.loc.gov/MARC21/slim http://www.loc.gov/standards/marcxml/schema/MARC21slim.xsd"
    xmlns="http://www.loc.gov/MARC21/slim">

  <leader>02224nam a22003977a 4500</leader>
  <datafield tag="999" ind1=" " ind2=" ">
    <subfield code="c">21837</subfield>
    <subfield code="d">21837</subfield>
  </datafield>
  <controlfield tag="003">AR-CdUCM</controlfield>
  <controlfield tag="008">190425b           ||||| |||| 00| 0 spa d</controlfield>
  <datafield tag="040" ind1=" " ind2=" ">
    <subfield code="a">MUNICIPALIDAD PROVINCIAL DEL CUSCO</subfield>
    <subfield code="c">BIBLIOTECA MUNICIPAL DEL CUSCO</subfield>
  </datafield>
  <datafield tag="082" ind1=" " ind2=" ">
    <subfield code="a">Rev.Andi/N&#xB0;14/1989</subfield>
  </datafield>
  <datafield tag="110" ind1=" " ind2=" ">
    <subfield code="a">Centro Bartolom&#xE9; de Las Casas</subfield>
    <subfield code="9">3293</subfield>
  </datafield>
  <datafield tag="245" ind1=" " ind2=" ">
    <subfield code="a">Revista andina /</subfield>
    <subfield code="c">Centro de estudios rurales andinos Bartolom&#xE9; de Las Casas Cusco</subfield>
  </datafield>
  <datafield tag="260" ind1=" " ind2=" ">
    <subfield code="a">Cusco :</subfield>
    <subfield code="b">Centro Bartolom&#xE9; de Las Casas,</subfield>
    <subfield code="c">1989.</subfield>
  </datafield>
  <datafield tag="300" ind1=" " ind2=" ">
    <subfield code="a">321-606 p&#xE1;ginas. :</subfield>
    <subfield code="c">23 cm.</subfield>
  </datafield>
  <datafield tag="440" ind1=" " ind2=" ">
    <subfield code="a">Publicaci&#xF3;n Semestral del Centro Bartolom&#xE9; de Las Casas Cusco.</subfield>
    <subfield code="n">A&#xF1;o 7, N&#xFA;mero 14, N&#xB0;2, Segundo semestre 1989.</subfield>
    <subfield code="9">46340</subfield>
  </datafield>
  <datafield tag="505" ind1=" " ind2=" ">
    <subfield code="a">Contenido: Curagas y tenientes pol&#xED;ticos la ley de la costumbre y la ley del estado Otavalo 1830-1875. Andr&#xE9;s Guerrero. -- Poder y contribuciones Puno 1825-1845. Christine H&#xFC;nefeldt. -- Libre comercio, &#xE9;lites regionales y mercado interno en el sur del Per&#xFA;, 1895-1932. Nils Jacobsen. -- Comunidad, autoridad ind&#xED;gena y poder republicano en el siglo XIX. Martha Moscoso C. -- La danza de Los Avelinos, sus or&#xED;genes y sus m&#xFA;ltiples significados. Zoila S. Mendoza. -- Un nuevo aporte a la ling&#xFC;&#xED;stica andina. Willem F. H. Adelaar. -- Muyu Orqo y Ccoipa dos nuevos tipos de cer&#xE1;mica para la regi&#xF3;n del Cusco. Brian S. Bauer. -- El horizonte Chav&#xED;n &#xBF;Quimera estil&#xED;stica o metamorfosis socioecon&#xF3;mica?. Richard L. Burger. -- M&#xFA;sica andina breve introducci&#xF3;n bibliogr&#xE1;fica. Andr&#xE9; Langevin.</subfield>
  </datafield>
  <datafield tag="650" ind1=" " ind2=" ">
    <subfield code="a">Cultura andina</subfield>
    <subfield code="9">46341</subfield>
  </datafield>
  <datafield tag="650" ind1=" " ind2=" ">
    <subfield code="a">Elites regionales</subfield>
    <subfield code="9">46342</subfield>
  </datafield>
  <datafield tag="650" ind1=" " ind2=" ">
    <subfield code="a">Folklore</subfield>
    <subfield code="9">46343</subfield>
  </datafield>
  <datafield tag="650" ind1=" " ind2=" ">
    <subfield code="a">M&#xFA;sica andina</subfield>
    <subfield code="9">22217</subfield>
  </datafield>
  <datafield tag="650" ind1=" " ind2=" ">
    <subfield code="a">Cultura Chav&#xED;n</subfield>
    <subfield code="9">46344</subfield>
  </datafield>
  <datafield tag="650" ind1=" " ind2=" ">
    <subfield code="a">Cer&#xE1;mica preincaica</subfield>
    <subfield code="9">46345</subfield>
  </datafield>
  <datafield tag="650" ind1=" " ind2=" ">
    <subfield code="a">Alfarer&#xED;a prehisp&#xE1;nica</subfield>
    <subfield code="9">46346</subfield>
  </datafield>
  <datafield tag="650" ind1=" " ind2=" ">
    <subfield code="a">Ling&#xFC;&#xED;stica andina</subfield>
    <subfield code="9">46322</subfield>
  </datafield>
  <datafield tag="700" ind1=" " ind2=" ">
    <subfield code="a">Guerrero, Andr&#xE9;s</subfield>
    <subfield code="9">46347</subfield>
  </datafield>
  <datafield tag="700" ind1=" " ind2=" ">
    <subfield code="a">H&#xFC;nefeldt, Christine</subfield>
    <subfield code="9">46201</subfield>
  </datafield>
  <datafield tag="700" ind1=" " ind2=" ">
    <subfield code="a">Jacobsen, Nils</subfield>
    <subfield code="9">44745</subfield>
  </datafield>
  <datafield tag="700" ind1=" " ind2=" ">
    <subfield code="a">Moscoso, Martha</subfield>
    <subfield code="9">46348</subfield>
  </datafield>
  <datafield tag="700" ind1=" " ind2=" ">
    <subfield code="a">Mendoza, Zoila</subfield>
    <subfield code="9">46349</subfield>
  </datafield>
  <datafield tag="700" ind1=" " ind2=" ">
    <subfield code="a">Adelaar, Willem</subfield>
    <subfield code="9">46350</subfield>
  </datafield>
  <datafield tag="700" ind1=" " ind2=" ">
    <subfield code="a">Bauer, Brian</subfield>
    <subfield code="9">7686</subfield>
  </datafield>
  <datafield tag="700" ind1=" " ind2=" ">
    <subfield code="a">Burger, Richard</subfield>
    <subfield code="9">46351</subfield>
  </datafield>
  <datafield tag="700" ind1=" " ind2=" ">
    <subfield code="a">Langevin, Andr&#xE9;</subfield>
    <subfield code="9">46352</subfield>
  </datafield>
  <datafield tag="942" ind1=" " ind2=" ">
    <subfield code="2">ddc</subfield>
    <subfield code="c">PP</subfield>
  </datafield>
  <datafield tag="945" ind1=" " ind2=" ">
    <subfield code="a">rac</subfield>
  </datafield>
  <datafield tag="952" ind1=" " ind2=" ">
    <subfield code="0">0</subfield>
    <subfield code="2">ddc</subfield>
    <subfield code="4">0</subfield>
    <subfield code="7">0</subfield>
    <subfield code="a">HEM</subfield>
    <subfield code="b">HEM</subfield>
    <subfield code="c">CART</subfield>
    <subfield code="d">2021-08-23</subfield>
    <subfield code="g">10.00</subfield>
    <subfield code="o">Rev.Andi/N&#xB0;14/1989</subfield>
    <subfield code="p">REVC000310</subfield>
    <subfield code="r">2021-08-23</subfield>
    <subfield code="y">PP</subfield>
  </datafield>
</record>
